Major fisheries legislations of Japan

Saved in:
Bibliografiske detaljer
Format: Bog
Sprog:engelsk
Udgivet: Tokio Kanagawa International Fisheries Training Centre 1987
Tokio Japan International Cooperation Agency 1987
Fag:
Tags: Tilføj Tag
Ingen Tags, Vær først til at tagge denne postø!

MARC

LEADER 00000nam a2200000 a 4500
001 UCZ2029
003 CL-VaPUC
008 950925e19870000JA |||||||||||||||||eng|d
082 0 4 |a 343.076  |b MAJ  |2 21 
245 1 0 |a Major fisheries legislations of Japan 
300 |a 91 p 
942 |c BK 
945 |d 19950925 00:00:00  |a rbrito 
260 |a Tokio  |b Kanagawa International Fisheries Training Centre  |c 1987 
260 |a Tokio  |b Japan International Cooperation Agency  |c 1987 
650 0 |a Industria pesquera  |9 255432 
650 7 |a LEGISLACION  |2 CL-VaPUC  |9 345791 
650 7 |a DERECHO  |2 CL-VaPUC  |9 345792 
583 |a last modification  |c 20120904 09:41:19  |k Rodrigo Vera 
999 |c 238689  |d 238687